Vývoj biodegradovateľných kapsúl pre kontrolované uvoľňovanie biologicky aktívnych látok dizertačná práca

Gespeichert in:
Bibliographische Detailangaben
1. Verfasser: Kalinovská, Lucia
Format: Buch
Sprache:Slowakisch
Veröffentlicht: Bratislava Fakulta chemickej a potravinárskej technológie STU 2007
Schlagworte:
Online-Zugang:Im OPAC anzeigen
Tags: Tag hinzufügen
Keine Tags, Fügen Sie das erste Tag hinzu!

MARC

LEADER 00000nam a2200000 a 4500
005 20260127134225.0
008 080514 2007 xo 000 0 slo d
035 |a vtls009293886 
039 9 |a 201601291029  |b mschk03  |c 200805200931  |d mschk02  |y 200805140943  |z mschk02 
040 |a STUSCHK1  |b slo  |c STUSCHK1  |e AACR2 
100 1 |a Kalinovská, Lucia 
245 1 |a Vývoj biodegradovateľných kapsúl pre kontrolované uvoľňovanie biologicky aktívnych látok  |b dizertačná práca  |c Lucia Kalinovská 
260 |a Bratislava  |b Fakulta chemickej a potravinárskej technológie STU  |c 2007 
300 |a 117 s.  |b obr.,tab.,grafy,lit.  |c 30 cm 
500 |a Ústav polymérnych materiálov, Odd. plastov a kaučuku 
650 0 |a fluorochinolónové antibiotiká 
650 0 |a polyelektrolyty 
910 |a SCHK95 
999 |c 7117  |d 7117